|
|
|
|
| LEADER |
01048nam a2200229 a 4500 |
| 001 |
GR-MES3430 |
| 008 |
991111s1989 gr 000 0 gre d |
| 040 |
|
|
|a GrPaTEI
|b gre
|c GR-PaULI
|
| 245 |
0 |
3 |
|a Οι βαθμοί είναι αναγκαίοι;.
|
| 260 |
|
|
|a Αθήνα :
|b Σύγχρονη εποχή,
|c 1989
|
| 300 |
|
|
|a 197σελ.
|
| 650 |
|
4 |
|a ΒΑΘΜΟΛΟΓΙΑ
|
| 650 |
|
4 |
|a ΕΚΠΑΙΔΕΥΣΗ
|
| 650 |
|
4 |
|a ΠΑΙΔΑΓΩΓΙΚΗ
|
| 650 |
|
4 |
|a ΣΧΟΛΕΙΟ
|
| 700 |
1 |
|
|a Αβδάλη, Αθανασία Κ.
|
| 710 |
0 |
|
|a Σύγχρονη εποχή
|
| 942 |
|
|
|2 ddc
|
| 952 |
|
|
|0 0
|1 0
|2 ddc
|4 0
|6 372_000000000000000_ΑΒΔ
|7 0
|9 268010
|a MSLG
|b MSLG
|c BSC
|d 2021-01-17
|e 24
|f 0
|g 0.00
|l 0
|o 372 ΑΒΔ
|p 2420000001851
|r 2021-01-17 00:00:00
|t 1
|w 2021-01-17
|y BK15
|x 19991111 0 1
|x GrPaTEI
|
| 952 |
|
|
|0 0
|1 0
|2 ddc
|4 0
|6 372_000000000000000_ΑΒΔ
|7 0
|9 268011
|a MSLG
|b MSLG
|c BSC
|d 2021-01-17
|e 24
|f 0
|g 0.00
|l 0
|o 372 ΑΒΔ
|p 2420000001852
|r 2021-01-17 00:00:00
|t 1
|w 2021-01-17
|y BK15
|x 19991111 0 1
|x GrPaTEI
|
| 971 |
|
|
|a .b25744756
|b 16-04-20
|c 13-09-16
|
| 999 |
|
|
|c 154360
|d 154360
|